00565nam a22001577a 450000500170000000800410001702000150005804100120007308200140008510000500009924501320014925000200028126000460030130000350034765000250038220231025110305.0231025b |||||||| |||| 00| 0 eng d a0702110868 aEnglish a347.1 JON aBaker PWE, Erasmus HJ and Farlam IGlEnglish aJones and Buckle The Civil Practice of the Magistrates' Courts in South Africa /cBaker PWE, HJ Erasmus and DE van Loggerenberg aSeventh Edition aCape Town :bJuta and Company, Ltd,c1980 blxxvii, 455 pages ; c26,2 cm. aLegal Practice bLaw